| 000 | 00649nam a22001815i 4500 | ||
|---|---|---|---|
| 001 | 163652 | ||
| 003 | ES-MaACL | ||
| 005 | 20230906212801.0 | ||
| 008 | 050720s1875 fr | |||||||| ||fre d | ||
| 040 |
_aCAM _bspa _cCAM |
||
| 100 | 1 |
_aRobiou, Félix. _9131896 |
|
| 245 | 1 | 0 |
_aMémoire sur l'économie politique, l'administration et la législatin de l'Egypte, au temps des Lagides _b: ; avec une carte / _cpar Félix Robiou. |
| 260 |
_aParis : _bImprimerie Nationale, _c1875. |
||
| 300 |
_aXVI, 248 p., [1] h. pleg. de mapa ; _c25 cm. |
||
| 651 | 4 |
_aEgipto. _9137126 |
|
| 752 |
_aFrancia - _dParís |
||
| 852 |
_aES-MaACL _jG-10214 _z-- Enc. hol. |
||
| 999 |
_c163652 _d163652 |
||